000
00324nam a2200109Ia 4500
008
171211s9999 xx 000 0 und d
245
_a
Classical Chinese: A Basic Reader
245
_c
Haitao Tang, James Geiss, and Naiying Yuan
260
_c
2017
650
_x
CULTURE
856
_u
http://down.ebook777.com/063/0691174571.pdf
999
_c
347782
_d
347782